000 00216nam a22000857a 4500
008 161213b xxu||||| |||| 00| 0 eng d
100 _92019
_aShamsi.K.N.
245 _aComputer Update-5
260 _aNew Delhi
_bS. Chand
_c2009
999 _c4886
_d4886